Statistics for My Chemical Romance Songs

Click here to take the quiz!

General Stats

  • This quiz has been taken 1,788 times
  • The average score is 31 of 52

Answer Stats

HintAnswer% Correct
Welcome To The Black Parade
93%
Three Cheers For Sweet RevengeHelena
91%
Na Na Na (Na Na Na Na Na Na Na Na Na)
88%
Dead!
83%
I'm Not Okay (I Promise)
79%
Cancer
77%
Blood
75%
Famous Last Words
74%
I Don't Love You
74%
Teenagers
74%
The Black ParadeThe End
74%
The Ghost Of You
74%
SING
72%
House Of Wolves
70%
The Sharpest Lives
69%
You Know What They Do To Guys Like Us In Prison
65%
Disenchanted
64%
Sleep
62%
Vampires Will Never Hurt You
61%
Cemetery Drive
60%
Thank You For The Venom
60%
Vampire Money
59%
This Is How I Disappear
58%
Planetary (GO!)
57%
To The End
57%
Honey, This Mirror Isn't Big Enough For The Two Of Us
56%
S/C/A/R/E/C/R/O/W
56%
Demolition Lovers
55%
Give 'Em Hell, Kid
55%
Bulletproof Heart
54%
DESTROYA
52%
Skylines And Turnstiles
52%
Party Poison
51%
Summertime
51%
Hang 'Em High
50%
I Never Told You What I Do For A Living
50%
It's Not A Fashion Statement, It's A Fucking Deathwish
50%
Interlude
49%
I Brought You My Bullets, You Brought Me Your LoveRomance
49%
The Kids From Yesterday
49%
Cubicles
48%
The Jetset Life Is Gonna Kill You
48%
Headfirst For Halos
47%
Drowning Lessons
44%
Our Lady Of Sorrows
44%
Danger Days: The True Lives Of The Fabulous KilljoysLook Alive Sunshine
43%
The Only Hope For Me Is You
43%
Early Sunsets Over Monroeville
42%
Save Yourself, I'll Hold Them Back
41%
Goodnite, Dr. Death
36%
Jet-Star And The Kobra Kid/Traffic Report
34%
This Is The Best Day Ever
34%

Score Distribution

Percentile by Number Answered

Percent of People with Each Score

Your Score History

You have not taken this quiz